ბათუმის შოთა რუსთაველის სახელმწიფო უნივერსიტეტის ბიბლიოთეკა

Laboratory Protocols in Fungal Biology (ბიბ.ჩანაწერი № 49474)

000 -LEADER
fixed length control field 00695nam a2200241Ia 4500
001 - CONTROL NUMBER
control field 16398
003 - CONTROL NUMBER IDENTIFIER
control field GE_BSU
008 - FIXED-LENGTH DATA ELEMENTS--GENERAL INFORMATION
fixed length control field 181216s||||||||xx |||||||||||||| ||und||
020 ## - INTERNATIONAL STANDARD BOOK NUMBER
International Standard Book Number 9781461423560( eBook)
040 ## - CATALOGING SOURCE
Transcribing agency GE_BSU
080 ## - UNIVERSAL DECIMAL CLASSIFICATION NUMBER
Universal Decimal Classification number 57
245 ## - TITLE STATEMENT
Title Laboratory Protocols in Fungal Biology
245 ## - TITLE STATEMENT
Remainder of title Current Methods in Fungal Biology
245 ## - TITLE STATEMENT
Statement of responsibility, etc. Editors:Vijai Kumar Gupta, Maria G. Tuohy, Manimaran Ayyachamy, Kevin M. Turner, Anthonia O’Donovan
260 ## - PUBLICATION, DISTRIBUTION, ETC.
Place of publication, distribution, etc. New York
260 ## - PUBLICATION, DISTRIBUTION, ETC.
Name of publisher, distributor, etc. Springer Science & Business Media
260 ## - PUBLICATION, DISTRIBUTION, ETC.
Date of publication, distribution, etc. 2012
300 ## - PHYSICAL DESCRIPTION
Extent 604 pages:ill;26cm.
653 ## - INDEX TERM--UNCONTROLLED
Uncontrolled term Fungal Biology
653 ## - INDEX TERM--UNCONTROLLED
Uncontrolled term ბიოლოგია
942 ## - ADDED ENTRY ELEMENTS (KOHA)
Koha item type წიგნი
ეგზემპლარები
Withdrawn status Lost status Damaged status Not for loan Date acquired Barcode Date last seen Price effective from Koha item type
        2018-12-17 41137 2018-12-17 2018-12-17 წიგნი